[Event "Steinfurt Bezirksklasse 1213"]
[Site "Germany"]
[Date "2013.04.27"]
[Round "8.7"]
[White "Gutjahr, Vladimir"]
[Black "Gausmann, Gregor"]
[Result "1/2-1/2"]
[WhiteElo "1385"]
[BlackElo "1326"]
[PlyCount "34"]
[EventDate "2012.09.29"]
[EventType "team-tourn"]
[EventRounds "9"]
[EventCountry "GER"]
[SourceTitle "EXT 2015"]
[Source "ChessBase"]
[SourceDate "2014.11.20"]
[SourceVersion "1"]
[SourceVersionDate "2014.11.20"]
[SourceQuality "1"]
[WhiteTeam "Steinfurt III"]
[BlackTeam "Rheine CC"]
[WhiteTeamCountry "GER"]
[BlackTeamCountry "GER"]

1. d4 d5 2. Bf4 e6 3. Nf3 Bd6 4. Bg3 Nc6 5. c3 Nf6 6. Bh4 0-0 7. e3 a6 8. Nbd2 e5 9. dxe5 Bxe5 10. Qc2 Qd6 11. 0-0-0 b5 12. Bg3 Bg4 13. h3 Bxf3 14. Nxf3 Bxg3 15. fxg3 Qxg3 16. Bd3 g6 17. Rdf1 Ne5 1/2-1/2

[Event "Steinfurt Bezirksklasse 0809"]
[Site "Germany"]
[Date "2008.11.08"]
[Round "2.7"]
[White "Gausmann, Gregor"]
[Black "Sandmann, Tobias"]
[Result "1-0"]
[WhiteElo "1257"]
[BlackElo "1016"]
[PlyCount "45"]
[EventDate "2008.09.13"]
[EventType "team-tourn"]
[EventRounds "7"]
[EventCountry "GER"]
[SourceTitle "EXT 2010"]
[Source "ChessBase"]
[SourceDate "2010.11.25"]
[SourceVersion "1"]
[SourceVersionDate "2010.11.25"]
[SourceQuality "1"]
[WhiteTeam "Rheine CC"]
[BlackTeam "Nordwalde III"]
[WhiteTeamCountry "GER"]
[BlackTeamCountry "GER"]

1. e4 e5 2. Bc4 Nc6 3. d3 d6 4. Nc3 Nf6 5. h3 g6 6. Nf3 Bg7 7. Bg5 Qe7 8. Nd5 Qd8 9. Qd2 0-0 10. 0-0 Re8 11. Bh6 Be6 12. Bxg7 Kxg7 13. Nxf6 Qxf6 14. Bxe6 Qxe6 15. Ng5 Qe7 16. f4 f6 17. f5 Rf8 18. Ne6+ Kg8 19. Nxf8 Kxf8 20. fxg6 hxg6 21. Qh6+ Qg7 22. Rxf6+ Kg8 23. Rxg6 1-0

[Event "Steinfurt Bezirksliga 0607"]
[Site "Germany"]
[Date "2007.03.03"]
[Round "7.7"]
[White "Sterthaus, Paul"]
[Black "Gausmann, Gregor"]
[Result "1/2-1/2"]
[WhiteElo "1504"]
[BlackElo "1221"]
[PlyCount "79"]
[EventDate "2006.09.09"]
[EventType "team-tourn"]
[EventRounds "9"]
[EventCountry "GER"]
[SourceTitle "EXT 2008"]
[Source "ChessBase"]
[SourceDate "2007.11.25"]
[SourceVersion "1"]
[SourceVersionDate "2007.11.25"]
[SourceQuality "1"]
[WhiteTeam "Emsdetten Rochade III"]
[BlackTeam "Rheine CC"]
[WhiteTeamCountry "GER"]
[BlackTeamCountry "GER"]

1. e4 c5 2. Nf3 Nf6 3. e5 Nd5 4. c4 Nb6 5. d4 cxd4 6. Nxd4 e6 7. Nb5 Nc6 8. Nd6+ Bxd6 9. exd6 Ne5 10. b3 Qf6 11. Be2 Nexc4 12. bxc4 Qxa1 13. Qc2 Qe5 14. 0-0 Qxd6 15. Ba3 Qc6 16. Nd2 d5 17. Qc3 Bd7 18. Qxg7 0-0-0 19. cxd5 Qxd5 20. Qc3+ Kb8 21. Bf3 Rc8 22. Qe3 Qxa2 23. Bd6+ Ka8 24. Be5 Rhg8 25. Bd4 Nd5 26. Bxd5 Qxd5 27. f3 a6 28. Be5 Rc2 29. Rd1 Rgc8 30. Bd4 Rc1 31. Rxc1 Rxc1+ 32. Kf2 Rc8 33. Ne4 Rc2+ 34. Nd2 e5 35. Bc3 f6 36. Kg3 Qf7 37. Qc5 Qg6+ 38. Kf2 Bc6 39. Qf8+ Ka7 40. Qc5+ 1/2-1/2

[Event "Steinfurt Bezirksliga 0506"]
[Site "Germany"]
[Date "2006.04.29"]
[Round "9.7"]
[White "Rogowski, Friedrich"]
[Black "Gausmann, Gregor"]
[Result "0-1"]
[WhiteElo "1684"]
[BlackElo "1221"]
[PlyCount "85"]
[EventDate "2005.09.24"]
[EventType "team-tourn"]
[EventRounds "9"]
[EventCountry "GER"]
[SourceTitle "EXT 2006"]
[Source "ChessBase"]
[SourceDate "2005.11.24"]
[SourceVersion "1"]
[SourceVersionDate "2005.11.24"]
[SourceQuality "1"]
[WhiteTeam "Falke Saerbeck II"]
[BlackTeam "Rheine"]
[WhiteTeamCountry "GER"]
[BlackTeamCountry "GER"]

1. e4 c5 2. Nf3 Nc6 3. Bb5 a6 4. Bxc6 bxc6 5. 0-0 d5 6. e5 Bg4 7. h3 Bxf3 8. Qxf3 e6 9. d3 g6 10. Bf4 Bg7 11. Qe3 d4 12. Qe4 Qd5 13. Nd2 Ne7 14. Nc4 0-0 15. Qe1 Rab8 16. b3 Nf5 17. f3 Qd8 18. g4 Ne7 19. Bg5 h6 20. Bxe7 Qxe7 21. Qe4 Qh4 22. Kg2 f5 23. exf6 Qxf6 24. f4 Rfe8 25. Ne5 Qd8 26. Qxg6 Qd5+ 27. Kg3 Rf8 28. Rae1 Rf6 29. Qe4 Qxe4 30. Rxe4 Rc8 31. Nd7 Rf7 32. Nxc5 e5 33. f5 a5 34. a4 Bf6 35. Ne6 Re8 36. Nxd4 c5 37. Nf3 Rg7 38. h4 Kh8 39. Kf2 Reg8 40. Rg1 Re7 41. g5 hxg5 42. hxg5 Bxg5 43. Nxg5 0-1

[Event "Steinfurt Bezirksklasse 0405"]
[Site "Germany"]
[Date "2004.11.13"]
[Round "3.7"]
[White "Schulz, Marius"]
[Black "Gausmann, Gregor"]
[Result "0-1"]
[WhiteElo "870"]
[BlackElo "1145"]
[PlyCount "84"]
[EventDate "2004.09.18"]
[EventType "team-tourn"]
[EventRounds "11"]
[EventCountry "GER"]
[SourceTitle "EXT 2006"]
[Source "ChessBase"]
[SourceDate "2005.11.24"]
[SourceVersion "1"]
[SourceVersionDate "2005.11.24"]
[SourceQuality "1"]
[WhiteTeam "Nordwalde III"]
[BlackTeam "Rheine CC"]
[WhiteTeamCountry "GER"]
[BlackTeamCountry "GER"]

1. e4 e5 2. Nf3 Nc6 3. Bb5 d6 4. Nc3 a6 5. Bxc6+ bxc6 6. 0-0 Bg4 7. h3 Bh5 8. Ne2 Bxf3 9. d3 Bxe2 10. Qxe2 Be7 11. f4 Nf6 12. f5 h6 13. b4 Nh7 14. c4 Bg5 15. Bxg5 Nxg5 16. a3 Qf6 17. c5 0-0 18. Rac1 d5 19. Rb1 Rfb8 20. a4 Nh7 21. exd5 cxd5 22. b5 axb5 23. axb5 Qe7 24. d4 e4 25. Rfc1 Ra3 26. b6 cxb6 27. cxb6 Rb7 28. Rc8+ Nf8 29. Rc5 Qd6 30. Qb2 Rd3 31. Rb5 Nd7 32. h4 Nf6 33. Rb4 Qf4 34. Ra1 h5 35. Qe2 Rd2 36. Qe1 Rd3 37. Ra7 Qb8 38. Ra6 Kh7 39. Qb1 Nd7 40. Qb2 Rd1+ 41. Kf2 Qf4+ 42. Ke2 Rf1 0-1

[Event "Steinfurt Bezirksklasse 0304"]
[Site "Germany"]
[Date "2004.03.20"]
[Round "8.6"]
[White "Diepenbrock, Till"]
[Black "Gausmann, Gregor"]
[Result "1-0"]
[WhiteElo "1175"]
[BlackElo "1140"]
[PlyCount "91"]
[EventDate "2003.09.27"]
[EventType "team-tourn"]
[EventRounds "11"]
[EventCountry "GER"]
[SourceTitle "EXT 2005"]
[Source "ChessBase"]
[SourceDate "2004.11.15"]
[SourceVersion "1"]
[SourceVersionDate "2004.11.15"]
[SourceQuality "1"]
[WhiteTeam "Nordwalde III"]
[BlackTeam "Rheine CC"]
[WhiteTeamCountry "GER"]
[BlackTeamCountry "GER"]

1. e4 e5 2. Nf3 d6 3. Bc4 Bg4 4. d3 Be7 5. Nc3 Nf6 6. h3 Bh5 7. Bg5 Nbd7 8. Qd2 h6 9. Be3 c6 10. g4 Bg6 11. Bb3 Ng8 12. 0-0-0 Bf6 13. h4 Qc7 14. g5 hxg5 15. hxg5 Rxh1 16. Rxh1 Be7 17. Rh8 0-0-0 18. Nh4 Nc5 19. Bxc5 dxc5 20. Nxg6 fxg6 21. Rxg8 Rxg8 22. Bxg8 Qd8 23. Be6+ Kb8 24. Qe2 Bxg5+ 25. Kb1 Qf6 26. Qg4 Bh4 27. f3 g5 28. Qf5 Qxf5 29. Bxf5 Kc7 30. Ne2 Kd6 31. c3 Bf2 32. Kc2 Be3 33. a3 Bf4 34. b4 cxb4 35. axb4 b6 36. Nxf4 gxf4 37. d4 g5 38. dxe5+ Kxe5 39. Kb3 Kd6 40. Kc4 Ke5 41. Bd7 Kd6 42. Bg4 Ke5 43. Kd3 a5 44. bxa5 bxa5 45. Kc4 Kd6 46. Kb3 1-0

[Event "Steinfurt Bezirksklasse 0304"]
[Site "Germany"]
[Date "2003.12.06"]
[Round "4.5"]
[White "Gausmann, Gregor"]
[Black "Dieckmann, Stefan"]
[Result "0-1"]
[WhiteElo "1140"]
[BlackElo "1556"]
[PlyCount "54"]
[EventDate "2003.09.27"]
[EventType "team-tourn"]
[EventRounds "11"]
[EventCountry "GER"]
[SourceTitle "EXT 2005"]
[Source "ChessBase"]
[SourceDate "2004.11.15"]
[SourceVersion "1"]
[SourceVersionDate "2004.11.15"]
[SourceQuality "1"]
[WhiteTeam "Rheine CC"]
[BlackTeam "Saerbeck Falke III"]
[WhiteTeamCountry "GER"]
[BlackTeamCountry "GER"]

1. d4 Nf6 2. c4 e6 3. Nf3 Bb4+ 4. Bd2 Qe7 5. e3 c5 6. a3 Bxd2+ 7. Nbxd2 0-0 8. Bd3 Nc6 9. 0-0 h6 10. dxc5 Qxc5 11. b4 Qe7 12. Ne4 d5 13. Nxf6+ Qxf6 14. cxd5 exd5 15. h3 Rd8 16. Qc2 Bxh3 17. gxh3 Qxf3 18. Kh2 d4 19. Rg1 Ne5 20. Rg3 Qf6 21. Bh7+ Kh8 22. exd4 Rxd4 23. Be4 Rad8 24. Rag1 Rd2 25. Qxd2 Rxd2 26. Rxg7 Qxf2+ 27. R7g2 Qf4+ 0-1